MAASAI MARA UNIVERSITY

LIBRARY CATALOGUE

Contact Us: +254 020 2685356/7 or 0774 057787

Box: 861-20500, NAROK, KENYA

Email: info@mmarau.ac.ke

Wesly longman (Record no. 3699)

MARC details
000 -LEADER
fixed length control field 00408nam a2200145Ia 4500
008 - FIXED-LENGTH DATA ELEMENTS--GENERAL INFORMATION
fixed length control field 151015s9999 xx 000 0 und d
020 ## - INTERNATIONAL STANDARD BOOK NUMBER
International Standard Book Number 201353989
050 ## - LIBRARY OF CONGRESS CALL NUMBER
Classification number QA 76.575 .P4762 1999
245 ## - TITLE STATEMENT
Title Wesly longman
250 ## - EDITION STATEMENT
Edition statement _Director for Macintosh
-- windows
300 ## - PHYSICAL DESCRIPTION
Extent U.S.A Peachpit press 1999
500 ## - GENERAL NOTE
General note Includes Index
650 ## - SUBJECT ADDED ENTRY--TOPICAL TERM
Topical term or geographic name as entry element _Creating Projector
700 ## - ADDED ENTRY--PERSONAL NAME
Personal name ^d20120829 01:19:08^okorir

No items available.

© 2016 Maasai Mara University.